000 00678nam a2200241Ia 4500
003 OSt
005 20221005121518.0
006 a|||||r|||| 00| 0
007 ta
008 221004b |||||||| |||| 00| 0 eng d
024 _a51007
037 _cTextual
040 _aCRL
_cCRL
_beng
041 _2eng
_aeng
082 _aQ2z, J6
100 _aThomas P
_972541
245 0 _aHindu religion customs and manners
_b Describing the customs and manners, religious, social and domestic life, arts and sciences of the Hindus Edn 3
250 _a3rd
260 _c1956
650 _aRELIGION
942 _hQ2z, J6
_cTEXL
_2cc
999 _c1041342
_d1041342